Tower of God - RAO Ranking - Statistics

General Stats
  • This quiz has been taken 9 times
  • The average score is 12 of 17
Answer Stats
Ranking Answer % Correct
6th Khun Eduan
100%
4th Urek Mazino
100%
5th Arie Hon
86%
14th Po Bidau Gustang
86%
3rd Zahard
86%
9th Baek Ryun
71%
2nd Enryu
71%
13th Eurasia Blossom
71%
16th Hendo Lok Bloodmadder
71%
1st Phantaminum
71%
8th Arie Adori Zahard
57%
7th Eurasia Enne Zahard
57%
15th Grace Mirchea Luslec
57%
10th Ha Yurin
57%
11th Tu Perie Tperie
57%
17h Yeon Yirang
57%
12th Molic One P. GR
43%
No matching quizzes found
Score Distribution
Percent of People with Each Score
Percentile by Number Answered
Your Score History
You have not taken this quiz